000 01572nam0a2200349 4500
001 RU\NLR\bibl\151195
005 20260405121027.0
010 _a5-93517-022-1
_93000
021 _aRU
_b2000-53482
_92468
035 _a(NLR Aleph) 000148205
090 _a849973
_c849973
100 _a20010424d2001 |||y0rusy50 ca
101 0 _arus
102 _aRU
105 _aa |||||||||
200 1 _aОсновы современной криптографии
_eучеб. курс
_fБаричев С. Г., Гончаров В. В., Серов Р. Е.
210 _aМ.
_cГорячая линия - Телеком
_d2001
215 _a118, [2] с.
_cил.
_d20
225 1 _aУчебное пособие для высших учебных заведений
_iСпециальность
320 _aБиблиогр. в конце кн. (3 назв.)
606 0 _aКриптография
_jРуководства, пособия и т.п. для высшей школы
_92088778
_3RU\NLR\auth\661264482
606 0 _aКриптография
_jУчебные издания для высшей школы
_92088778
_3RU\NLR\auth\661264482
686 _aЗ811.4я73-1
700 1 _aБаричев
_bС. Г
_gСергей Геннадьевич
_4070
701 1 _4070
_8rus
_7ca
_aГончаров
_bВ. В.
_cспециалист в обл. криптографии
_3RU\NLR\AUTH\7747106
_930041
701 1 _aСеров
_bР. Е.
_4070
801 0 _aRU
_bNLR
_c20010424
_gPSBO
801 1 _aRU
_bNLR
_c20010424
942 _cBOOK
980 _aNB